USMLE Step 1 Lecture Notes: (Record no. 1256)
[ view plain ]
| 000 -LEADER | |
|---|---|
| fixed length control field | 00730nam a2200193 4500 |
| 003 - CONTROL NUMBER IDENTIFIER | |
| control field | OSt |
| 005 - DATE AND TIME OF LATEST TRANSACTION | |
| control field | 20200723140103.0 |
| 008 - FIXED-LENGTH DATA ELEMENTS--GENERAL INFORMATION | |
| fixed length control field | 200723b ||||| |||| 00| 0 eng d |
| 040 ## - CATALOGING SOURCE | |
| Original cataloging agency | KABLIB |
| Transcribing agency | KABLIB |
| Modifying agency | KABLIB |
| 082 ## - DEWEY DECIMAL CLASSIFICATION NUMBER | |
| Edition number | 23 |
| Classification number | 616.079 |
| Item number | MOS |
| 100 ## - MAIN ENTRY--PERSONAL NAME | |
| Personal name | Moscatello, Kim. |
| 9 (RLIN) | 3643 |
| 240 ## - UNIFORM TITLE | |
| Uniform title | Immunology and microbiology / |
| 245 ## - TITLE STATEMENT | |
| Title | USMLE Step 1 Lecture Notes: |
| Remainder of title | Immunology and microbiology / |
| Statement of responsibility, etc. | Kim Moscatello; Contributors, Thomas F. Lint, Christopher C. Keller, previous contributions by MAry Ruebush. |
| 260 ## - PUBLICATION, DISTRIBUTION, ETC. | |
| Place of publication, distribution, etc. | Chicago : |
| Name of publisher, distributor, etc. | Kaplan, Inc., |
| Date of publication, distribution, etc. | c2013. |
| 300 ## - PHYSICAL DESCRIPTION | |
| Extent | vii, 196 p. : |
| Other physical details | ill. ; |
| Dimensions | 29 cm. |
| 700 ## - ADDED ENTRY--PERSONAL NAME | |
| Personal name | Lint, Thomas F., |
| Relator term | Contriburor. |
| 9 (RLIN) | 3644 |
| 700 ## - ADDED ENTRY--PERSONAL NAME | |
| Personal name | Keller, Christopher C., |
| Relator term | Contriburor. |
| 9 (RLIN) | 3645 |
| 942 ## - ADDED ENTRY ELEMENTS (KOHA) | |
| Source of classification or shelving scheme | Dewey Decimal Classification |
| Koha item type | Book |
| Withdrawn status | Lost status | Source of classification or shelving scheme | Damaged status | Not for loan | Home library | Current library | Shelving location | Date acquired | Total Checkouts | Full call number | Barcode | Date last seen | Price effective from | Koha item type |
|---|---|---|---|---|---|---|---|---|---|---|---|---|---|---|
| Dewey Decimal Classification | School of Medicine Library | School of Medicine Library | Open Access Section | 23.07.2020 | 616.079 MOS | 3270 | 23.07.2020 | 23.07.2020 | Book |